00686 2200217 4500001002100000005001500021035002000036007000300056008004100059020002200100082000800122084001200130245013800142250001100280260006400291300003600355650003000391504002500421990001100446990001100457INLIS00000000000188820220907101522 a0010-0418000045ta220907 g 0 ind  a978-979-797-274-5 a301 a301 STU aStudi Sosiologi/ Antropologi Hubungan Antar Kelompok Pasca Konflik Di Berbagai Daerah /cTim Peneliti : Puslitbang Kehidupan Beragama acet. 1 aJakarta :bBadan Litbang dan Diklat Departemen Agama,c2009 aviii; 215 hlm ;c14,5 x 20,5 cm 4aSOSIOLOGI DAN ANTROPOLOGI aBIBLIOGRAFI: hlm 255 a3048 B a3048 B